000
00293nam a22001457a 4500
003
SGT
082
_a
611
_b
A09H
100
_a
HALIM, A
245
_a
ANATOMY OF THE HEAD & NECK
250
_a
2ND
260
_a
DELHI
_b
ANE BOOKS
_c
2009
300
_a
216
650
_a
ANATOMY
942
_2
ddc
_c
BK
_0
1
999
_c
8702
_d
8702